Maailman valtiot vuonna 1938 kartalla - Statistics

Yleistilastot
  • Tätä visaa on pelattu 157 kertaa
  • Keskiarvotulos 63 / 76
Vastaukset kartalla
Vastauksille on annettu kartalla punavihreä väri sen mukaan, kuinka moni on saanut sen oikein.
 
Vastaustilastot
Valtio % Oikein
Suomi
98%
Saksa
96%
Yhdistynyt Kuningaskunta
95%
Neuvostoliitto
94%
Kanada
93%
Kiina
93%
Latvia
93%
Liettua
93%
Norja
93%
Ranska
93%
Ruotsi
93%
Tanska
93%
Viro
93%
Yhdysvallat
93%
Australia
91%
Espanja
91%
Irlanti
91%
Islanti
91%
Puola
91%
Belgia
90%
Italia
90%
Meksiko
90%
Mongolia
90%
Romania
90%
Alankomaat
89%
Egypti
89%
Etelä-Afrikka
89%
Japani
89%
Kreikka
89%
Portugali
89%
Turkki
89%
Itävalta
88%
Tsekkoslovakia
88%
Unkari
88%
Brasilia
87%
Jugoslavia
87%
Kuuba
87%
Saudi-Arabia
87%
Sveitsi
87%
Argentiina
86%
Bulgaria
86%
Chile
86%
Iran
86%
Siam
86%
Albania
85%
Irak
85%
Uusi-Seelanti
85%
Peru
84%
Kolumbia
82%
Luxemburg
82%
Paraguay
81%
Uruguay
81%
Afganistan
80%
Nepal
80%
Panama
80%
Bolivia
79%
Venezuela
79%
Ecuador
78%
Haiti
78%
Liechtenstein
77%
Vatikaanivaltio
77%
Andorra
76%
Honduras
76%
Jemen
76%
San Marino
76%
Liberia
75%
Dominikaaninen tasavalta
74%
Nicaragua
74%
Costa Rica
73%
Monaco
73%
Tiibet
72%
Guatemala
70%
El Salvador
69%
Danzig
25%
Tuva
19%
Hatay
10%
Ehtoja vastaavia visoja ei löytynyt
Tulosjakauma
Jokaisen tuloksen saaneiden osuus
Persentiili vastausten määrän mukaan
Tuloshistoriasi
Et ole pelannut tätä visaa